<?xml version="1.0" encoding="UTF-8"?>
<record
    xmlns:xsi="http://www.w3.org/2001/XMLSchema-instance"
    xsi:schemaLocation="http://www.loc.gov/MARC21/slim http://www.loc.gov/standards/marcxml/schema/MARC21slim.xsd"
    xmlns="http://www.loc.gov/MARC21/slim">

  <leader>02759cam a2200409 i 4500</leader>
  <controlfield tag="001">8853192</controlfield>
  <controlfield tag="003">CaAEU</controlfield>
  <controlfield tag="005">20260512095310.0</controlfield>
  <controlfield tag="006">m     o  d        </controlfield>
  <controlfield tag="007">cr cnu---unuuu</controlfield>
  <controlfield tag="008">190409s2019    njua    o     000 0 eng d</controlfield>
  <datafield tag="020" ind1=" " ind2=" ">
    <subfield code="a">9781119560258</subfield>
    <subfield code="q">electronic book</subfield>
  </datafield>
  <datafield tag="020" ind1=" " ind2=" ">
    <subfield code="a">111956025X</subfield>
    <subfield code="q">electronic book</subfield>
  </datafield>
  <datafield tag="020" ind1=" " ind2=" ">
    <subfield code="a">9781119560241</subfield>
    <subfield code="q">electronic book</subfield>
  </datafield>
  <datafield tag="020" ind1=" " ind2=" ">
    <subfield code="a">1119560241</subfield>
    <subfield code="q">electronic book</subfield>
  </datafield>
  <datafield tag="020" ind1=" " ind2=" ">
    <subfield code="z">9781119560234</subfield>
  </datafield>
  <datafield tag="035" ind1=" " ind2=" ">
    <subfield code="a">on1096185145</subfield>
  </datafield>
  <datafield tag="037" ind1=" " ind2=" ">
    <subfield code="a">758017AD-8183-45C3-987B-37F66431442B</subfield>
    <subfield code="b">OverDrive, Inc.</subfield>
    <subfield code="n">http://www.overdrive.com</subfield>
  </datafield>
  <datafield tag="039" ind1=" " ind2=" ">
    <subfield code="a">exclude</subfield>
  </datafield>
  <datafield tag="040" ind1=" " ind2=" ">
    <subfield code="a">N$T</subfield>
    <subfield code="b">eng</subfield>
    <subfield code="e">rda</subfield>
    <subfield code="e">pn</subfield>
    <subfield code="c">N$T</subfield>
    <subfield code="d">N$T</subfield>
    <subfield code="d">TEFOD</subfield>
    <subfield code="d">YDXIT</subfield>
    <subfield code="d">OCLCF</subfield>
    <subfield code="d">RECBK</subfield>
    <subfield code="d">TOH</subfield>
    <subfield code="d">UMI</subfield>
    <subfield code="d">AEU</subfield>
  </datafield>
  <datafield tag="041" ind1=" " ind2=" ">
    <subfield code="a">English</subfield>
  </datafield>
  <datafield tag="050" ind1=" " ind2="4">
    <subfield code="a">HF5415.1265</subfield>
    <subfield code="b">.D53 2019</subfield>
  </datafield>
  <datafield tag="100" ind1=" " ind2=" ">
    <subfield code="a">Diamond, Stephanie,</subfield>
    <subfield code="e">author.</subfield>
    <subfield code="9">25896</subfield>
  </datafield>
  <datafield tag="245" ind1="1" ind2="0">
    <subfield code="a">Digital marketing all-in-one for dummies </subfield>
    <subfield code="c">/ by Stephanie Diamond.</subfield>
  </datafield>
  <datafield tag="264" ind1=" " ind2="1">
    <subfield code="a">Hoboken, New Jersey :</subfield>
    <subfield code="b">John Wiley &amp; Sons, Inc.,</subfield>
    <subfield code="c">[2019]</subfield>
  </datafield>
  <datafield tag="300" ind1=" " ind2=" ">
    <subfield code="a">1 online resource :</subfield>
    <subfield code="b">illustrations</subfield>
  </datafield>
  <datafield tag="490" ind1="1" ind2=" ">
    <subfield code="a">For dummies</subfield>
  </datafield>
  <datafield tag="504" ind1=" " ind2=" ">
    <subfield code="a">Includes bibliographical references and index.</subfield>
  </datafield>
  <datafield tag="506" ind1=" " ind2=" ">
    <subfield code="a">Access restricted to authorized users and institutions.</subfield>
  </datafield>
  <datafield tag="520" ind1=" " ind2=" ">
    <subfield code="a">Unlock the value in online marketing A well-executed digital marketing plan is a proven component of success in business, and Digital Marketing All-In-One For Dummies covers everything you need to build and implement a winning plan. Whether you're a novice in the online space or an expert marketer looking to improve your digital ROI, this book has easy-to-absorb tips and insights that will turn online prospects into loyal customers. This book compresses the essential information on 8 topics, so you have all the information you need and none of what you don't. You'll learn social media marketing, marketing to millennials, account-based marketing, influencer marketing, content marketing strategies, and more! -Use targeted, measurable marketing strategies to promote brands and products -Increase brand awareness, customer acquisitions, and audience engagement -Measure what your online traffic is worth and improve ROI on digital marketing -Develop a solid digital marketing plan and put it to work for your brand From SEO and SEM to brand awareness and why you need it, Digital Marketing All-In-One For Dummies will help you level up your digital marketing game and avoid the common mistakes that might be holding your business back.</subfield>
  </datafield>
  <datafield tag="630" ind1=" " ind2="0">
    <subfield code="a">B3 DM Paid &amp; Social Advertising (BiM)</subfield>
    <subfield code="9">26974</subfield>
  </datafield>
  <datafield tag="650" ind1=" " ind2="0">
    <subfield code="a">Internet marketing.</subfield>
    <subfield code="9">1133</subfield>
  </datafield>
  <datafield tag="650" ind1=" " ind2="0">
    <subfield code="a">Internet marketing</subfield>
    <subfield code="9">1133</subfield>
  </datafield>
  <datafield tag="830" ind1=" " ind2="0">
    <subfield code="a">--For dummies.</subfield>
  </datafield>
  <datafield tag="856" ind1=" " ind2=" ">
    <subfield code="u">https://bibliotheque.tbs-education.fr/Default/doc/SYRACUSE/3393846/digital-marketing-all-in-one-for-dummies-stephanie-diamond</subfield>
  </datafield>
  <datafield tag="942" ind1=" " ind2=" ">
    <subfield code="2">lcc</subfield>
  </datafield>
  <datafield tag="952" ind1=" " ind2=" ">
    <subfield code="0">0</subfield>
    <subfield code="1">0</subfield>
    <subfield code="2">lcc</subfield>
    <subfield code="4">0</subfield>
    <subfield code="7">0</subfield>
    <subfield code="8">CT</subfield>
    <subfield code="a">TBS</subfield>
    <subfield code="b">TBS</subfield>
    <subfield code="d">2025-09-16</subfield>
    <subfield code="l">0</subfield>
    <subfield code="r">2025-09-16</subfield>
    <subfield code="u">https://bibliotheque.tbs-education.fr/Default/doc/SYRACUSE/3393846/digital-marketing-all-in-one-for-dummies-stephanie-diamond</subfield>
    <subfield code="w">2025-09-16</subfield>
    <subfield code="y">EBOOK</subfield>
    <subfield code="z">ebook</subfield>
  </datafield>
  <datafield tag="999" ind1=" " ind2=" ">
    <subfield code="c">4950</subfield>
    <subfield code="d">4950</subfield>
  </datafield>
</record>
